Baltimore Ravens Playoff Roster - Statistics

General Stats
  • This quiz has been taken 70 times
    68 since last reset
  • The average score is 21 of 31
Answer Stats
Hint Answer % Correct
QB Lamar Jackson
100%
RB Derrick Henry
97%
WR Zay Flowers
97%
HC John Harbaugh
94%
TE Mark Andrews
94%
SS Kyle Hamilton
91%
WR Roshad Bateman
89%
PK Justin Tucker
86%
FB Patrick Ricard
83%
LB Roquan Smith
83%
C Tyler Linderbaum
83%
LT Ronnie Stanley
80%
NB Marlon Humphrey
77%
LB Kyle Van Noy
71%
LB Odafe Oweh
71%
P Jordan Stout
69%
H Jordan Stout
69%
CB Nate Wiggins
63%
FS A'Darius Washington
60%
DE Broderick Washington
60%
RT Roger Rosengarten
60%
PR Tylan Wallace
60%
DE Nnamdi Madubuike
57%
RG Daniel Faalele
54%
LG Patrick Mekari
54%
KR Justice Hill
43%
NT Travis Jones
40%
LB Malik Harrison
37%
LS Nick Moore
31%
CB Brandon Stevens
17%
WR Nelson Aghalor
17%
No matching quizzes found
Score Distribution
Percent of People with Each Score
Percentile by Number Answered
Your Score History
You have not taken this quiz since the last reset